| 000 -LEADER |
| fixed length control field |
00702nam a2200241Ia 4500 |
| 001 - CONTROL NUMBER |
| control field |
17826 |
| 003 - CONTROL NUMBER IDENTIFIER |
| control field |
GE_BSU |
| 005 - DATE AND TIME OF LATEST TRANSACTION |
| control field |
20200226105027.0 |
| 008 - FIXED-LENGTH DATA ELEMENTS--GENERAL INFORMATION |
| fixed length control field |
181216s2005e xx |||||||||||||| ||eng|| |
| 020 ## - INTERNATIONAL STANDARD BOOK NUMBER |
| International Standard Book Number |
9781405820097 |
| 040 ## - CATALOGING SOURCE |
| Transcribing agency |
GE_BSU |
| 080 ## - UNIVERSAL DECIMAL CLASSIFICATION NUMBER |
| Universal Decimal Classification number |
811.111(076) C-59 |
| 100 ## - MAIN ENTRY--PERSONAL NAME |
| Personal name |
Clare, Antonia. |
| 9 (RLIN) |
1647 |
| 245 ## - TITLE STATEMENT |
| Title |
Total English. Pre-intermediate : |
| Remainder of title |
Workbook (with key) / |
| Statement of responsibility, etc. |
Antonia Clare ; J. J. Wilson. |
| 264 ## - PRODUCTION, PUBLICATION, DISTRIBUTION, MANUFACTURE, AND COPYRIGHT NOTICE |
| Place of production, publication, distribution, manufacture |
Edinburg : |
| Name of producer, publisher, distributor, manufacturer |
Pearson Longman, |
| Date of production, publication, distribution, manufacture, or copyright notice |
2005. |
| 300 ## - PHYSICAL DESCRIPTION |
| Extent |
96 p.: |
| Other physical details |
ill ; |
| Dimensions |
28 cm. |
| 653 ## - INDEX TERM--UNCONTROLLED |
| keyword |
Pre-Intermediate |
| 653 ## - INDEX TERM--UNCONTROLLED |
| keyword |
Total English. |
| 653 ## - INDEX TERM--UNCONTROLLED |
| keyword |
Workbook |
| 653 ## - INDEX TERM--UNCONTROLLED |
| keyword |
ინგლისური ენა |
| 700 ## - ADDED ENTRY--PERSONAL NAME |
| Personal name |
Wilson, J J. |
| 9 (RLIN) |
7458 |
| 942 ## - ADDED ENTRY ELEMENTS (KOHA) |
| Koha item type |
წიგნი |
| Source of classification or shelving scheme |
|